00907nam a2200205 i 4500001000700000003000900007005001700016008004100033017005100074080001700125080001600142110007400158245016300232260009600395300002700491650002800518650003300546710009100579852003100670182428ES-MaACL20250820063055.0130814s1987 sp |||| | spa d aM 6195-1987 bOficina Depósito Legal Madrid  a5/6(083.72)  a62(083.72) 1 aEspaña. bComisión Española de Cooperación con la Unescoeisb00aNomenclatura internacional de la Unesco para los campos de ciencia y tecnología :bsegunda versión en español / cComisión Nacional de España Unesco aMadrid : bInstituto de Información y Documentación en Ciencia y Tecnología, c[1987] a45 páginas ; c30 cm 4aCiencias-vNomenclatura 4aTecnología-xNomenclatura.2 aInstituto de Información y Documentación en Ciencia y Tecnología (España)eedt4 aES-MaACLcDEPOFj2324-F-11